000 00698nam a2200217Ia 4500
005 20220318101907.0
008 210716s2002 xx 000 0 und d
020 _a9788120334977
040 _cAIMIT LIBRARY
041 _aeng
082 _a658
_29
_bROBS
100 _aRobbins, Stephen P.
_924123
245 _aManagement /
_cBy Stephen P Robbins and Mary Coulter.
250 _a9th ed.
260 _aNew Delhi :
_bPrentice Hall of India PVt Ltd ,
_c2007 .
300 _axxiii,738p. ;
_c28 cm.
650 _aIntroduction to Management and Organizations.
_924124
650 _aManaging Entrepreneurial Ventures .
_924125
700 _aCoulter, Mary.
_924126
942 _2ddc
_cBK
_e9th
_k658 ROBS
999 _c205367
_d205367